LEADER 01302nam a2200265 4500 001 000000356684 003 CaOOAMICUS 005 20240112150722.0 008 240110s2020 sz a 000 u eng r 040 $aSeMil$bita 100 1 $aPieroni, Vittorio,$d<1971- >.$0(OLS)http://semarc/name/56118 245 10$aMiddle Triassic gastropods from the Besano Formation of Monte San Giorgio, Switzerland /$cVittorio Pieroni, Heinz Furrer. 264 1$aSvizzera :$b[s.n.],$c2020. 300 $aPP. 1-9 :$bill. ;$c30 cm 500 $aEstratto da: Swiss Journal of palaeontology, 139:2, 2020. 650 4$aBesano - Triassico.$0(OLS)http://semarc/subject/54903 650 4$aMonte San Giorgio - Paleontologia.$0(OLS)http://semarc/subject/54895 650 4$aGasteropodi - Paleontologia.$0(OLS)http://semarc/subject/54919 700 1 $aFurrer, Heinz.$0(OLS)http://semarc/name/118915 850 $aSeMil 852 $aSeMil$W1$xVenegono$y1$m5B XI 8/35$j245589$B247875$CSeMilBibl$Z2$F247875 $81 961 $aPieroni, Vittorio - Omaggio 996 $6245$aMiddle Triassic gastropods from the Besano Formation of Monte San Giorgio, Switzerland$9(OLS)http://semarc/title/446938 996 $6264$aSvizzera :$b[s.n.]$9(OLS)http://semarc/publisher/50777 LEADER 01092nam a2200265 i 4500 001 000000076969 003 CaOOAMICUS 005 20010822000000.0 008 010822s2000 it u000 u ita u 013 $a48141 020 $a88-8123-180-8 040 $aSeMil$bita 100 1 $aScalmana, Gabriele.$0(OLS)http://semarc/name/37879 245 10$aTeilhard de Chardin :$bla fede e la scienza /$cGabriele Scalmana. 260 $aMilano :$bIn Dialogo,$c2000. 300 $a126 p. ;$c20 cm. 490 0 $aTeologi & pensatori del '900 600 14$aTeilhard de Chardin, Pierre .$0(OLS)http://semarc/subject/2657 830 0$aTeologi & pensatori del '900.$0(OLS)http://semarc/title/8646 850 $aSeMil 852 $aSeMil$W1$xVenegono$y1$m2RA II 89$j43121$B43121$CSeMilBibl$Z2$F43536 $81 961 $aOmaggio: Tremolada don Pierantonio 996 $6020$a88-8123-180-8$9(OLS)http://semarc/number/58287 996 $6245$aTeilhard de Chardin :$bla fede e la scienza$9(OLS)http://semarc/title/124889 996 $6260$aMilano :$bIn Dialogo$9(OLS)http://semarc/publisher/31663